Accounting : (Record no. 1572)
[ view plain ]
| 000 -LEADER | |
|---|---|
| fixed length control field | 00566cam a22001694a 4500 |
| 020 ## - INTERNATIONAL STANDARD BOOK NUMBER | |
| ISBN | 0273688227 (alk. paper) |
| 050 00 - CALL NUMBER | |
| Classification number | HF5635 |
| Item number | .M48833 2005 |
| 100 1# - AUTHOR | |
| Personal name | McLaney, E. J. |
| 245 10 - TITLE | |
| Title | Accounting : |
| Remainder of title | an introduction / |
| Statement of responsibility, etc | Eddie McLaney and Peter Atrill. |
| 250 ## - EDITION | |
| Edition statement | 3rd ed. |
| 260 ## - PUBLICATION INFORMATION | |
| Place of publication | New York : |
| Name of publisher | Financial Times/Prentice Hall, |
| Year of publication | 2005. |
| 300 ## - DESCRIPTION | |
| Number of Pages | xxv, 723 p. : |
| Other physical details | .ill. ; |
| Dimensions | 26 cm. |
| 505 ## - FORMATTED CONTENTS NOTE | |
| Table of Content | Financial accounting<br/>Management accounting<br/>Financial Management<br/>Supplementary information |
| 650 #0 - SUBJECTS | |
| Topical Term | Accounting. |
| 700 1# - OTHER AUTHORS | |
| Personal name | Atrill, Peter. |
| 942 ## - ADDED ENTRY ELEMENTS (KOHA) | |
| Koha item type | Books |
| Withdrawn status | Lost status | Collection code | Home library | Current library | Shelving location | Date acquired | Full call number | Accession Number | Koha item type |
|---|---|---|---|---|---|---|---|---|---|
| Reference | Methodist University Library Main | Methodist University Library Main | General Stacks | 01/03/2007 | HF5635 .M48833 2005 | 27918 | Books | ||
| Reference | Methodist University Library Main | Methodist University Library Main | General Stacks | 01/03/2007 | HF5635 .M48833 2005 | 27920 | Books |